Modifikácie úlohy okružných jázd s minimalizáciou emisií

Prehľad moderných modifikácií tradičných prístupov riešenia okružných problémov s cieľom minimalizácie spotreby paliva a znižovaním produkcie emisií CO2 do ovzdušia prostredníctvom úlohy EVRP-VC (Emissions Vehicle Routing Problem – Vehicle Category), ktorej cieľom je minimalizovať spotrebu paliva, r...

Descrizione completa

Salvato in:
Dettagli Bibliografici
Autore principale: Šofranko, Miroslav
Altri autori: Brezina, Ivan, 1963-
Natura: Capitolo di libro
Lingua:slovacco
Soggetti:
Tags: Aggiungi Tag
Nessun Tag, puoi essere il primo ad aggiungerne!!

MARC

LEADER 00000nla a2200000 4500
001 0207252
005 20240502073437.5
041 0 |a slo 
044 |a SK 
245 1 0 |a Modifikácie úlohy okružných jázd s minimalizáciou emisií  |c Miroslav Šofranko, Ivan Brezina 
520 |a Prehľad moderných modifikácií tradičných prístupov riešenia okružných problémov s cieľom minimalizácie spotreby paliva a znižovaním produkcie emisií CO2 do ovzdušia prostredníctvom úlohy EVRP-VC (Emissions Vehicle Routing Problem – Vehicle Category), ktorej cieľom je minimalizovať spotrebu paliva, respektíve emisie CO2 namiesto jazdnej vzdialenosti. 
610 2 0 |a doprava 
610 2 0 |a logistika 
610 2 0 |a plánovanie 
610 2 0 |a preprava 
610 2 0 |a emisie 
610 2 0 |a palivá 
610 2 0 |a spotreba 
610 2 0 |a znečistenie ovzdušia 
610 2 0 |a optimalizácia 
100 1 |a Šofranko, Miroslav 
700 1 |a Brezina, Ivan, 1963-